000 00545nam a2200181Ia 4500
005 20250508151037.0
008 008 250505s9999 xx 000 0 eng d
037 _aTextual
040 _aFEDL
_beng
_cFEDL
041 _aeng
_2eng
084 _a371.7, NYS
_qFEDL
100 _aNyswander Dorothy B
_9755754
245 0 _aSolving school health problems : The astoria demonstration study
260 _aNew York, USA
_bThe Commonwealth Fund
_c1948
300 _axii,377p
942 _cTEXL
_h371.7, NYS
999 _c1327238
_d1327238